GeoGuessr - US telephone area codes - Level 2 - Statistics

General Stats
  • This quiz has been taken 133 times
  • The average score is 6 of 11
Answer Stats
Hint Answer % Correct
808 Hawaii
85%
907 Alaska
76%
302 Delaware
65%
207 Maine
65%
603 New Hampshire
62%
406 Montana
56%
701 North Dakota
47%
605 South Dakota
44%
802 Vermont
44%
401 Rhode Island
41%
307 Wyoming
35%
No matching quizzes found
Score Distribution
Percent of People with Each Score
Percentile by Number Answered
Your Score History
You have not taken this quiz